000 00523nam a2200193 a 4500
001 1771666227809
003 YourLibrary
005 20260221150219.0
008 260221s2000##################000#0#eng##
020 _a9780631220701
082 0 4 _a338.5
_bKUE
100 1 _aKuenne, Robert E.,
_eauthor.
245 1 0 _aReadings in Applied Microeconomic Theory :
260 _bWiley-Blackwell,
_c2000.
300 _a464 pages
650 0 _aBusiness & Economics.
942 _cENGLISH
040 _aYourLibrary
_beng
_cYourLibrary
999 _c615319
_d615319